History Quiz

Random History or Clickable Quiz

Louisiana History by Century Quiz Stats

 Plays Quiz not verified by Sporcle

Challenge
Share
Tweet
Embed
Score 0/40 Timer 08:00
0 Plays Today
% Correct
21st century
88.3%
19th century
84%
21st century
78.8%
20th century
78.2%
20th century
75.7%
20th century
75.6%
18th century
70.3%
17th century
69.8%
18th century
68.3%
19th century
67%
18th century
65.5%
19th century
64.5%
21st century
63.7%
17th century
63.1%
19th century
61.7%
16th century
61.3%
19th century
61%
19th century
60.2%
21st century
60.2%
21st century
59.7%
% Correct
20th century
59.3%
20th century
59%
19th century
58.8%
20th century
58.1%
18th century
53.9%
16th century
53.5%
18th century
52.2%
19th century
50.9%
21st century
50.8%
19th century
48.6%
21st century
47.2%
19th century
46.7%
20th century
40.6%
20th century
39.1%
18th century
35%
18th century
27.4%
18th century
25.3%
18th century
24.5%
18th century
21.1%
19th century
13.4%

You're not logged in!

Compare scores with friends on all Sporcle quizzes.
OR
Log In

You Might Also Like...

Show Comments

Extras

Top Quizzes Today


Score Distribution

Your Account Isn't Verified!

In order to create a playlist on Sporcle, you need to verify the email address you used during registration. Go to your Sporcle Settings to finish the process.

Report this User

Report this user for behavior that violates our Community Guidelines.

Details: